[Event "?"]
[Site "?"]
[Date "2012.01.11"]
[Round "1.1"]
[White "Nielsen, Kai Gylling"]
[Black "Taskiran, Erol"]
[Result "0-1"]
[WhiteElo "1907"]
[BlackElo "1666"]
[PlyCount "124"]
[EventDate "2012.??.??"]
[WhiteTeam "Roskilde Skakklub"]
[BlackTeam "Greve Skakklub"]

1. e4 c5 2. Nf3 Nc6 3. d4 cxd4 4. Nxd4 g6 5. c3 Bg7 6. Be3 Nf6 7. f3 O-O 8. Qd2
d6 9. Na3 a6 10. Bd3 Bd7 11. O-O Ne5 12. Bc2 Rc8 13. f4 Neg4 14. f5 Qb6 15.
Rab1 d5 16. fxg6 fxg6 17. Nf5 Nxe3 18. Qxe3 Qxe3+ 19. Nxe3 Nxe4 20. Nxd5 Nd2
21. Nxe7+ Kh8 22. Rxf8+ Rxf8 23. Rd1 Bh6 24. h3 Be6 25. Re1 Rf6 26. Be4 Nxe4
27. Rxe4 Bf8 28. Nxg6+ hxg6 29. b4 Bxa2 30. Nc2 Bb1 31. Rh4+ Kg7 32. Nd4 Bd3
33. Nf3 Bd6 34. Rd4 Be2 35. Kf2 Bxf3 36. gxf3 a5 37. Rd5 axb4 38. cxb4 b6 39.
b5 Bc5+ 40. Kg3 Kf7 41. h4 Ke6 42. Rd1 Rf5 43. Kg4 Kf6 44. Rd8 Bb4 45. Rc8 Rxb5
46. Rc6+ Kf7 47. f4 Bc5 48. Rc7+ Be7 49. Rc6 Rb1 50. h5 gxh5+ 51. Kxh5 b5 52.
Kg4 b4 53. Rb6 b3 54. Kf5 b2 55. Rb7 Ke8 56. Rb3 Kd7 57. Rb7+ Kd6 58. Rb6+ Kd5
59. Rb7 Ba3 60. Rb3 Ra1 61. Rb5+ Kd4 62. Rb8 b1=Q+ 0-1

[Event "?"]
[Site "?"]
[Date "2012.01.11"]
[Round "1.2"]
[White "Nielsen, Steen"]
[Black "Christensen, Verner"]
[Result "1-0"]
[WhiteElo "1797"]
[BlackElo "1917"]
[PlyCount "99"]
[EventDate "2012.??.??"]
[WhiteTeam "Solrød Skakklub"]
[BlackTeam "Solrød Skakklub"]

1. d4 f5 2. g3 e6 3. Bg2 Nf6 4. Nf3 d5 5. c4 c6 6. O-O Bd6 7. b3 O-O 8. Ba3 Ne4
9. Bxd6 Qxd6 10. Ne5 Nd7 11. Nxd7 Bxd7 12. f3 Nf6 13. Nc3 Rae8 14. e4 e5 15.
dxe5 Qc5+ 16. Kh1 Rxe5 17. f4 Rxe4 18. Nxe4 fxe4 19. cxd5 cxd5 20. Rc1 Qb6 21.
Rc3 Bc6 22. Re1 d4 23. Rc4 Rd8 24. Qc1 Ng4 25. Rxc6 bxc6 26. Bxe4 Nf2+ 27. Kg2
Nxe4 28. Qc4+ Kh8 29. Rxe4 h6 30. Qf7 c5 31. Re8+ Rxe8 32. Qxe8+ Kh7 33. Qe4+
Qg6 34. Qxg6+ Kxg6 35. Kf3 Kf6 36. Ke4 h5 37. h3 g5 38. fxg5+ Kxg5 39. b4 cxb4
40. Kxd4 Kf5 41. Kc4 Ke4 42. Kxb4 Kf3 43. g4 hxg4 44. hxg4 Kxg4 45. Ka5 Kf5 46.
Ka6 Ke6 47. Kxa7 Kd6 48. Kb6 Kd7 49. Kb7 Kd6 50. a4 1-0

[Event "?"]
[Site "?"]
[Date "2012.01.11"]
[Round "1.3"]
[White "Ambirk, Jan Robert"]
[Black "Hald, Morten Hansen"]
[Result "1/2-1/2"]
[WhiteElo "1830"]
[BlackElo "1753"]
[PlyCount "36"]
[EventDate "2012.??.??"]
[WhiteTeam "Vordingborg Skakklub"]
[BlackTeam "Køge Skakklub"]

1. e4 e5 2. Nf3 d6 3. d4 exd4 4. Nxd4 Nf6 5. Nc3 Be7 6. Be2 O-O 7. O-O Bd7 8.
Bf4 Nc6 9. Re1 Ne5 10. h3 Qc8 11. Bf1 a6 12. Bh2 c5 13. Bxe5 dxe5 14. Nf3 Qc7
15. Nd5 Nxd5 16. Qxd5 Bf6 17. a3 Rad8 18. Qa2 Be6 1/2-1/2

[Event "?"]
[Site "?"]
[Date "2012.01.11"]
[Round "1.4"]
[White "Orup, Kim Amdi"]
[Black "Krogh, Peter Ove"]
[Result "0-1"]
[WhiteElo "1803"]
[BlackElo "1899"]
[PlyCount "69"]
[EventDate "2012.??.??"]
[WhiteTeam "Solrød Skakklub"]
[BlackTeam "Køge Skakklub"]

1. e4 c5 2. f4 g6 3. Nf3 Bg7 4. d4 cxd4 5. Nxd4 Nc6 6. Nxc6 bxc6 7. c3 e5 8.
Qf3 d6 9. Bc4 Nf6 10. O-O Bg4 11. Qg3 O-O 12. fxe5 dxe5 13. Rxf6 Qxf6 14. Qxg4
Rad8 15. Bg5 Qd6 16. Bxd8 Qc5+ 17. Kh1 Qxc4 18. Na3 Qc5 19. Qd7 Qf2 20. Nc4 Qe2
21. Nd2 Bh6 22. Nf3 Qxb2 23. Rf1 Qxc3 24. Bg5 Bg7 25. Qxa7 h6 26. Bd2 Qc4 27.
Re1 c5 28. a4 Rd8 29. a5 g5 30. Qe7 Qd3 31. Nxe5 Qxd2 32. Qxf7+ Kh8 33. Ng6+
Kh7 34. Rf1 Qxa5 35. Ne7 0-1

[Event "?"]
[Site "?"]
[Date "2012.01.11"]
[Round "1.5"]
[White "Kristensen, Benny"]
[Black "Forsmann, Henning"]
[Result "1-0"]
[WhiteElo "1866"]
[BlackElo "1747"]
[PlyCount "61"]
[EventDate "2012.??.??"]
[WhiteTeam "Skovbo Skakklub"]
[BlackTeam "Solrød Skakklub"]

1. e4 c5 2. d4 cxd4 3. c3 d3 4. Bxd3 Nc6 5. Nf3 d6 6. h3 g6 7. Be3 Bg7 8. O-O
Nf6 9. Qe2 O-O 10. Rd1 Bd7 11. Nbd2 Qc7 12. Nb3 b5 13. Rac1 a6 14. Qd2 Qb7 15.
Bh6 a5 16. Bxg7 Kxg7 17. Nbd4 Nxd4 18. cxd4 d5 19. exd5 Nxd5 20. Be4 e6 21. Ne5
Ra7 22. Rc5 Rc8 23. Rdc1 Rxc5 24. Rxc5 f6 25. Nd3 Bc6 26. Qc1 Ra6 27. Nf4 Nxf4
28. Qxf4 Qd7 29. Qc1 Bxe4 30. Rc7 Qxc7 31. Qxc7+ 1-0

[Event "?"]
[Site "?"]
[Date "2012.01.11"]
[Round "1.6"]
[White "Andersen, Hans E"]
[Black "Hansen, Erik Levin"]
[Result "1-0"]
[WhiteElo "1470"]
[BlackElo "1743"]
[PlyCount "65"]
[EventDate "2012.??.??"]
[WhiteTeam "Skovbo Skakklub"]
[BlackTeam "Haslev Skakklub"]

1. e4 c5 2. Nc3 d6 3. Bc4 Nf6 4. d3 Nc6 5. Bg5 e6 6. Nf3 Be7 7. Qe2 a6 8. a4
Rb8 9. O-O O-O 10. e5 Ne8 11. Bf4 d5 12. Bb3 Na5 13. Nd2 Bd7 14. Qg4 b5 15. Bh6
Nxb3 16. cxb3 Kh8 17. Bf4 bxa4 18. Nxa4 Rb4 19. Qg3 g5 20. Be3 d4 21. Nc4 dxe3
22. Qxe3 Bb5 23. Nxc5 Qc8 24. d4 Bxc4 25. bxc4 Bxc5 26. dxc5 Rxc4 27. Rfc1
Rxc1+ 28. Rxc1 Qc6 29. b4 Nc7 30. Qxg5 Nd5 31. Rd1 Rg8 32. Qh4 Ne3 33. Qf6+ 1-0

[Event "?"]
[Site "?"]
[Date "2012.01.11"]
[Round "1.7"]
[White "Hellum, Oliver"]
[Black "Sørensen, Aron Frank"]
[Result "0-1"]
[WhiteElo "1682"]
[BlackElo "1670"]
[PlyCount "58"]
[EventDate "2012.??.??"]
[WhiteTeam "BMS Skak"]
[BlackTeam "Solrød Skakklub"]

1. d4 g6 2. e4 Bg7 3. Nc3 c5 4. Nf3 cxd4 5. Nxd4 Nc6 6. Be3 a6 7. Bc4 Nf6 8.
Nxc6 bxc6 9. e5 Ng8 10. Bd4 e6 11. Ne4 Qa5+ 12. Bc3 Qc7 13. Nd6+ Ke7 14. Bb4 c5
15. Qf3 Nh6 16. Qxa8 cxb4 17. Qe4 f6 18. exf6+ Bxf6 19. O-O-O Nf7 20. Nxc8+
Rxc8 21. Bxa6 Rb8 22. Qc4 Qe5 23. Qb3 Ra8 24. Bb5 Qxb5 25. Rhe1 Ra6 26. Re4 Rb6
27. Kb1 Nd6 28. Ree1 Nc4 29. Rd5 Qxd5 0-1

[Event "?"]
[Site "?"]
[Date "2012.01.11"]
[Round "1.8"]
[White "Larsen, Paul M"]
[Black "Refsgaard, Kaj"]
[Result "1/2-1/2"]
[WhiteElo "1639"]
[BlackElo "1737"]
[PlyCount "76"]
[EventDate "2012.??.??"]
[WhiteTeam "Haslev Skakklub"]
[BlackTeam "Jernbanens Skakklub"]

1. d4 d5 2. Nf3 g6 3. e3 Nf6 4. c4 c6 5. Nc3 Bg7 6. Be2 O-O 7. O-O Bg4 8. Ne5
Bxe2 9. Qxe2 Nbd7 10. Nf3 Rc8 11. c5 Qc7 12. b4 b6 13. cxb6 axb6 14. Bb2 Qd6
15. a3 h5 16. h3 Nh7 17. Rac1 e5 18. dxe5 Nxe5 19. Nxe5 Bxe5 20. Nd1 Rfe8 21.
Bxe5 Qxe5 22. Qb2 Qe6 23. Rc2 Qd6 24. Nc3 Ng5 25. Ne2 Ne4 26. Nf4 Qd7 27. Qd4
b5 28. Nd3 Nd6 29. Ne5 Qb7 30. Rxc6 Qb8 31. Qxd5 Rxc6 32. Nxc6 Qc7 33. Nd4 Qc3
34. Rd1 Nc4 35. Nxb5 Re5 36. Qb7 Re8 37. Rd7 Rf8 38. Qc6 Qb3 1/2-1/2

[Event "?"]
[Site "?"]
[Date "2012.01.11"]
[Round "1.9"]
[White "Øllgaard, Lars"]
[Black "Madsen, Preben Leo"]
[Result "1/2-1/2"]
[WhiteElo "1501"]
[BlackElo "1359"]
[PlyCount "46"]
[EventDate "2012.??.??"]
[WhiteTeam "Solrød Skakklub"]
[BlackTeam "Brønshøj Skakforening"]

1. e4 e5 2. Nf3 Nc6 3. Bc4 Bc5 4. d3 d6 5. Ng5 Nh6 6. Nc3 Na5 7. h3 Nxc4 8.
dxc4 O-O 9. Qh5 c6 10. Nf3 Qf6 11. Bd2 Be6 12. b3 Bd4 13. Nxd4 exd4 14. Ne2 a6
15. Rd1 b5 16. Bxh6 gxh6 17. Nxd4 c5 18. Ne2 Rfd8 19. O-O bxc4 20. Ng3 cxb3 21.
axb3 a5 22. Rd3 c4 23. Rf3 Qg6 1/2-1/2

[Event "?"]
[Site "?"]
[Date "2012.01.11"]
[Round "1.10"]
[White "Nielsen, Michael"]
[Black "Jørgensen, Leif"]
[Result "0-1"]
[WhiteElo "1785"]
[BlackElo "1676"]
[PlyCount "96"]
[EventDate "2012.??.??"]
[WhiteTeam "Solrød Skakklub"]
[BlackTeam "Solrød Skakklub"]

1. c4 Nf6 2. g3 e5 3. Bg2 Bc5 4. Nc3 O-O 5. e4 d6 6. Nge2 Nc6 7. a3 a6 8. d3
Bg4 9. h3 Bxe2 10. Nxe2 Ne7 11. O-O c6 12. Bg5 Nd7 13. b4 Ba7 14. Kh1 f6 15.
Be3 c5 16. f4 cxb4 17. Bxa7 Rxa7 18. axb4 Qc7 19. f5 Rfa8 20. Nc3 Qb6 21. Rb1
Rf8 22. h4 Qe3 23. Rf3 Qh6 24. Qg1 Raa8 25. Qf2 g5 26. Kg1 g4 27. Re3 Nc6 28.
Qe2 Qg7 29. Kf2 h5 30. Nd5 Rac8 31. Qa2 Nd4 32. Rb2 Kh7 33. Re1 Rc6 34. Ra1 Rg8
35. Qb1 b5 36. cxb5 axb5 37. Ra7 Rd8 38. Rba2 Qh6 39. Rb7 Rc1 40. Nxf6+ Kh8 41.
Qxc1 Qxc1 42. Nxd7 Rc8 43. f6 Rc2+ 44. Rxc2 Qxc2+ 45. Kf1 Qxd3+ 46. Kg1 Qd1+
47. Bf1 Nf3+ 48. Kf2 Qd4+ 0-1

[Event "?"]
[Site "?"]
[Date "2012.01.11"]
[Round "1.11"]
[White "Trærup, Jørgen"]
[Black "Hansen, Erik Friberg"]
[Result "1/2-1/2"]
[WhiteElo "1670"]
[BlackElo "1541"]
[PlyCount "69"]
[EventDate "2012.??.??"]
[WhiteTeam "BMS Skak"]
[BlackTeam "Hvidovre Skakklub"]

1. d4 d5 2. c4 e6 3. e3 b6 4. a3 Bb7 5. cxd5 exd5 6. Nf3 Bd6 7. Nc3 a6 8. Qb3
Nf6 9. Bd3 O-O 10. O-O Re8 11. Re1 Nbd7 12. Bd2 Ne4 13. Nxd5 Nxd2 14. Nxd2 Nf6
15. Nxf6+ Qxf6 16. e4 Qxd4 17. Nf3 Qf6 18. Re2 Be5 19. Rae1 Re7 20. Nxe5 Rxe5
21. Re3 Rae8 22. Rf3 Qe7 23. Qc3 Bxe4 24. Rfe3 f5 25. Bxe4 Rxe4 26. Rxe4 fxe4
27. Qe3 Kf8 28. g3 c5 29. Qf4+ Qf6 30. Rxe4 Qxf4 31. Rxf4+ Kg8 32. b4 cxb4 33.
axb4 a5 34. bxa5 bxa5 35. Ra4 1/2-1/2

[Event "?"]
[Site "?"]
[Date "2012.01.11"]
[Round "1.12"]
[White "Krag-Jacobsen, Alan"]
[Black "Bayhan, Erkan"]
[Result "1-0"]
[WhiteElo "1670"]
[BlackElo "1323"]
[PlyCount "83"]
[EventDate "2012.??.??"]
[WhiteTeam "Solrød Skakklub"]
[BlackTeam "Hvidovre Skakklub"]

1. e4 c5 2. c3 Nc6 3. Nf3 g6 4. d4 cxd4 5. cxd4 Bg7 6. Nc3 d6 7. h3 Nf6 8. Bb5
a6 9. Bxc6+ bxc6 10. O-O O-O 11. Bf4 Nh5 12. Bh2 Nf6 13. e5 Nd5 14. Qb3 Be6 15.
Qa4 Nxc3 16. bxc3 Bd5 17. Qd1 Qc7 18. exd6 exd6 19. Re1 Rfe8 20. Nd2 Qd7 21.
Qc2 Be6 22. Rad1 Bf5 23. Qa4 Bd3 24. Qa3 d5 25. Nb3 Bf8 26. Nc5 Qf5 27. Qa5
Bxc5 28. Qxc5 Bb5 29. Ra1 Re6 30. g4 Rxe1+ 31. Rxe1 Qf3 32. Re3 Qd1+ 33. Kg2
Bf1+ 34. Kg3 h5 35. Qxc6 Bxh3 36. Qxa8+ Kg7 37. Rf3 Bxg4 38. Qxd5 Bxf3 39. Qxf3
h4+ 40. Kg2 Qd2 41. Be5+ Kg8 42. Qa8+ 1-0

[Event "?"]
[Site "?"]
[Date "2012.01.11"]
[Round "1.13"]
[White "Strømsgaard, Eske"]
[Black "Krog-Jensen, Werner"]
[Result "0-1"]
[WhiteElo "1117"]
[BlackElo "1309"]
[PlyCount "94"]
[EventDate "2012.??.??"]
[WhiteTeam "Køge Skakklub"]
[BlackTeam "Enkeltmedlem 8. HK"]

1. e4 d6 2. d4 Nf6 3. Nc3 g6 4. Nf3 Bg7 5. Bc4 O-O 6. O-O Bg4 7. h3 Bxf3 8.
Qxf3 Qc8 9. Bg5 Nbd7 10. Rfe1 c5 11. dxc5 Ne5 12. Qe2 Qxc5 13. Bxf6 Bxf6 14.
Bb3 Rac8 15. Nd5 Nd7 16. Nxf6+ Nxf6 17. Kh1 Qe5 18. c3 Kg7 19. Rad1 Rh8 20. Rd4
h5 21. a3 Ng4 22. g3 Nf6 23. Rb4 b6 24. Rb5 d5 25. Bxd5 Nxd5 26. Rxd5 Qe6 27.
Red1 Qxh3+ 28. Kg1 h4 29. Qf1 hxg3 30. Qxh3 Rxh3 31. Kg2 Rch8 32. R1d3 gxf2 33.
Rxh3 Rxh3 34. Rd1 Re3 35. Kxf2 Rxe4 36. Rd7 a5 37. Rb7 Re6 38. c4 Rc6 39. b4
axb4 40. axb4 e6 41. b5 Rxc4 42. Rxb6 Rb4 43. Rb8 Kf6 44. b6 Kf5 45. b7 f6 46.
Kf3 Rb3+ 47. Ke2 g5 0-1

[Event "?"]
[Site "?"]
[Date "2012.01.11"]
[Round "1.14"]
[White "Christensen, Peter"]
[Black "Kieldsen, Seier"]
[Result "1-0"]
[WhiteElo "1306"]
[BlackElo "1050"]
[PlyCount "89"]
[EventDate "2012.??.??"]
[WhiteTeam "Køge Skakklub"]
[BlackTeam "Solrød Skakklub"]

1. d4 d5 2. c4 c6 3. Nf3 h6 4. Nc3 Nf6 5. e3 Bg4 6. Be2 e6 7. cxd5 cxd5 8. O-O
a6 9. Qa4+ Nc6 10. a3 Bd6 11. b4 O-O 12. Bb2 Qd7 13. Qd1 Rac8 14. Rc1 Rc7 15.
Na4 b5 16. Nc5 Bxc5 17. dxc5 Ne4 18. Ne5 Nxe5 19. Bxe5 Bxe2 20. Qxe2 Ra7 21.
Rfd1 Rc8 22. Bd4 f6 23. c6 Rxc6 24. Rxc6 Qxc6 25. Bxa7 Nc3 26. Qc2 e5 27. Bc5
Nxd1 28. Qxd1 a5 29. Qb3 axb4 30. axb4 Kf7 31. e4 Ke6 32. g3 g6 33. f3 f5 34.
Kf2 fxe4 35. fxe4 Qa8 36. h3 g5 37. Ke3 h5 38. g4 h4 39. Qxd5+ Qxd5 40. exd5+
Kxd5 41. Be7 Kc4 42. Bxg5 Kxb4 43. Bf6 Kc4 44. Bxe5 b4 45. g5 1-0

[Event "?"]
[Site "?"]
[Date "2012.01.11"]
[Round "1.15"]
[White "Szûcs, Michell Daniel"]
[Black "Thinggaard, Jørgen"]
[Result "0-1"]
[WhiteElo "1189"]
[BlackElo "1186"]
[PlyCount "84"]
[EventDate "2012.??.??"]
[WhiteTeam "Hvidovre Skakklub"]
[BlackTeam "Vejlby-Risskov Skakklub"]

1. e4 e5 2. Nc3 Nc6 3. Nf3 Bc5 4. Bc4 Nf6 5. h3 O-O 6. d3 a6 7. a3 b5 8. Bd5
Nxd5 9. Nxd5 Ne7 10. Bg5 c6 11. Nxe7+ Bxe7 12. Bxe7 Qxe7 13. Qd2 d6 14. O-O-O
Be6 15. Rhe1 Qb7 16. d4 f6 17. d5 cxd5 18. exd5 Bf5 19. g4 Bg6 20. Nh4 Bf7 21.
Nf5 Qc7 22. g5 Bh5 23. gxf6 Rxf6 24. Qg5 Bxd1 25. Rxd1 Qf7 26. Ne3 Rg6 27. Qf5
Rf6 28. Qd3 Rxf2 29. Rg1 Qf4 30. Kb1 Rc8 31. c3 Qh2 32. Rg2 Rxg2 33. Nxg2 Qxg2
34. Qf5 Rf8 35. Qe6+ Kh8 36. Qxd6 Qf1+ 37. Ka2 h6 38. Qxe5 Qc4+ 39. Kb1 Rf1+
40. Kc2 Rf2+ 41. Kd1 Qd3+ 42. Ke1 Qe2+ 0-1

[Event "Køge Bugt Vinter 2012"]
[Site "Solrød Skole"]
[Date "2012.01.25"]
[Round "2.1"]
[White "Krogh, Peter Ove"]
[Black "Nielsen, Steen"]
[Result "1-0"]
[WhiteElo "1899"]
[BlackElo "1797"]
[PlyCount "109"]
[EventDate "2012.??.??"]
[WhiteTeam "Køge Skakklub"]
[BlackTeam "Solrød Skakklub"]

1. c4 e6 2. e3 d5 3. Nf3 Nf6 4. d4 Be7 5. Nc3 O-O 6. Qc2 a6 7. a3 Nbd7 8. b4 c6
9. c5 Qc7 10. Bb2 b6 11. cxb6 Qxb6 12. Bd3 a5 13. Na4 Qc7 14. b5 Bb7 15. Rc1
Rfc8 16. Ne5 c5 17. Nxd7 Nxd7 18. dxc5 Bxc5 19. Bxh7+ Kh8 20. Bd3 Qd6 21. Qb3
d4 22. e4 Qf4 23. O-O Bd6 24. g3 Qg4 25. Bxd4 Ne5 26. Bxe5 Bxe5 27. Nc5 Rxc5
28. Rxc5 f6 29. Qd1 Qh3 30. Qf3 Rd8 31. Be2 Rd4 32. Rd1 Rxe4 33. Rd8+ Kh7 34.
Bd3 f5 35. Rxe5 Re1+ 36. Rxe1 Bxf3 37. Bf1 Qg4 38. Bg2 Bxg2 39. Kxg2 Qc4 40.
Rd6 Qxb5 41. Rdxe6 Qd5+ 42. Kh3 f4 43. R1e5 Qd3 44. Kg4 fxg3 45. fxg3 Qd1+ 46.
Kh3 Qf1+ 47. Kh4 Qg2 48. h3 Qd2 49. Re3 Qd4+ 50. g4 Qf4 51. Re7 Qf2+ 52. Kh5
Qb2 53. g5 Qb5 54. R3e5 Qf1 55. g6+ 1-0

[Event "Køge Bugt Vinter 2012"]
[Site "Solrød Skole"]
[Date "2012.01.25"]
[Round "2.2"]
[White "Taskiran, Erol"]
[Black "Kristensen, Benny"]
[Result "1-0"]
[WhiteElo "1666"]
[BlackElo "1866"]
[PlyCount "139"]
[EventDate "2012.??.??"]
[WhiteTeam "Greve Skakklub"]
[BlackTeam "Skovbo Skakklub"]

1. d4 e6 2. c4 f5 3. Nc3 Nf6 4. Bg5 Be7 5. Nf3 O-O 6. e3 d6 7. Bd3 b6 8. O-O
Bb7 9. Bxf6 Bxf6 10. d5 Bxc3 11. bxc3 exd5 12. Nd4 Qf6 13. Qf3 Nc6 14. Qxd5+
Qf7 15. Nxc6 Qxd5 16. Ne7+ Kh8 17. Nxd5 Rf7 18. e4 f4 19. f3 a5 20. Rab1 Ba6
21. Rfe1 Re8 22. Re2 Re5 23. Nxb6 cxb6 24. Rxb6 Bc8 25. Rxd6 Rfe7 26. Rb2 Re8
27. Rb5 R5e7 28. Rxa5 Rb7 29. Rb5 Ra7 30. Rb8 Kg8 31. c5 Kf8 32. Bb5 Bd7 33.
Rxe8+ Bxe8 34. Rd8 Re7 35. a4 Kf7 36. c6 Rc7 37. a5 Bxc6 38. Bc4+ Ke7 39. Rg8
Kd6 40. a6 Kc5 41. Be2 Bb5 42. Bxb5 Kxb5 43. e5 Kxa6 44. Re8 Rxc3 45. e6 Re3
46. e7 Kb7 47. Kf2 Kc7 48. Rf8 Rxe7 49. Rxf4 Kd8 50. h4 Re5 51. g4 g5 52. Rf8+
Ke7 53. Rh8 gxh4 54. Rxh7+ Kf6 55. Rxh4 Ra5 56. Rh6+ Kg7 57. Re6 Ra2+ 58. Kg3
Kf7 59. Rb6 Rc2 60. Kf4 Rc4+ 61. Kg5 Rc5+ 62. Kh6 Rc8 63. f4 Rc4 64. Kg5 Rc5+
65. f5 Rc1 66. Rb7+ Ke8 67. Kg6 Rf1 68. f6 Rf2 69. g5 Rf1 70. Kg7 1-0

[Event "Køge Bugt Vinter 2012"]
[Site "Solrød Skole"]
[Date "2012.01.25"]
[Round "2.3"]
[White "Hald, Morten Hansen"]
[Black "Nielsen, Kai Gylling"]
[Result "0-1"]
[WhiteElo "1753"]
[BlackElo "1907"]
[PlyCount "76"]
[EventDate "2012.??.??"]
[WhiteTeam "Køge Skakklub"]
[BlackTeam "Roskilde Skakklub"]

1. Nc3 e5 2. Nf3 Nc6 3. d4 exd4 4. Nxd4 Nf6 5. Bf4 Bb4 6. Nxc6 Bxc3+ 7. bxc3
bxc6 8. e3 h6 9. Rb1 d6 10. Bc4 O-O 11. Qf3 Bd7 12. O-O Kh8 13. Rb7 Bc8 14. Rb2
d5 15. Bd3 Qe7 16. h3 a5 17. c4 Rd8 18. c5 Ne4 19. Qh5 Nf6 20. Qh4 Kg8 21. Bxh6
gxh6 22. Qxh6 Ne4 23. f3 Qg5 24. Qxc6 Bxh3 25. c4 Bd7 26. Qxd5 Qxe3+ 27. Kh2
Qh6+ 28. Kg1 Ng3 29. Be4 Nxf1 30. Qe5 Nd2 31. Qg3+ Kf8 32. Bxa8 Rxa8 33. Qxc7
Nxf3+ 34. Kf2 Bc6 35. Rb7 Bxb7 36. Qxb7 Re8 37. Qxf3 Qd2+ 38. Kg3 Re3 0-1

[Event "Køge Bugt Vinter 2012"]
[Site "Solrød Skole"]
[Date "2012.01.25"]
[Round "2.4"]
[White "Christensen, Verner"]
[Black "Andersen, Hans E"]
[Result "1-0"]
[WhiteElo "1917"]
[BlackElo "1470"]
[PlyCount "63"]
[EventDate "2012.??.??"]
[WhiteTeam "Solrød Skakklub"]
[BlackTeam "Skovbo Skakklub"]

1. e4 e5 2. Bc4 Nf6 3. Nc3 Bc5 4. d3 h6 5. f4 exf4 6. Bxf4 d6 7. Qd2 Bg4 8. h3
Be6 9. O-O-O Bb4 10. Qe2 Bxc3 11. bxc3 O-O 12. Bxe6 fxe6 13. g4 Nh7 14. Bd2 c5
15. h4 Qe8 16. Nh3 a5 17. Rdf1 Ra6 18. g5 h5 19. g6 Qxg6 20. Rfg1 Qf7 21. Bh6
g6 22. Bxf8 Nxf8 23. Rf1 Qg7 24. Qf3 Nbd7 25. Ng5 Qxc3 26. Qf7+ Kh8 27. Qe8 Qg7
28. Rf7 Qh6 29. Rh7+ Qxh7 30. Nxh7 Kxh7 31. Rf1 Kg8 32. Rf7 1-0

[Event "Køge Bugt Vinter 2012"]
[Site "Solrød Skole"]
[Date "2012.01.25"]
[Round "2.5"]
[White "Forsmann, Henning"]
[Black "Stuhr, Finn"]
[Result "1-0"]
[WhiteElo "1747"]
[BlackElo "1722"]
[PlyCount "85"]
[EventDate "2012.??.??"]
[WhiteTeam "Solrød Skakklub"]
[BlackTeam "Køge Skakklub"]

1. d4 Nf6 2. c4 b6 3. Nc3 Bb7 4. e3 e6 5. Nf3 c5 6. dxc5 Bxc5 7. Bd3 Qc7 8. O-O
e5 9. e4 Nc6 10. Bg5 Be7 11. Nd5 Nxd5 12. cxd5 Bxg5 13. dxc6 Qxc6 14. Nxg5 f5
15. Rc1 Qg6 16. Bb5 Bc6 17. Bxc6 dxc6 18. Nf3 O-O 19. Nxe5 Qe6 20. Qb3 Qxb3 21.
axb3 c5 22. exf5 Rxf5 23. Nc4 Rd8 24. Rcd1 Rfd5 25. Rxd5 Rxd5 26. f4 b5 27. Ne5
a6 28. Rc1 Kf8 29. Rc2 Ke7 30. h4 Ke6 31. g4 Rd4 32. Re2 Kd5 33. f5 Rb4 34. Re3
c4 35. bxc4+ bxc4 36. Re2 Rb3 37. Kg2 a5 38. g5 a4 39. f6 gxf6 40. gxf6 c3 41.
bxc3 Ke6 42. f7 Rb8 43. Nc6+ 1-0

[Event "Køge Bugt Vinter 2012"]
[Site "Solrød Skole"]
[Date "2012.01.25"]
[Round "2.6"]
[White "Jørgensen, Leif"]
[Black "Orup, Kim Amdi"]
[Result "1/2-1/2"]
[WhiteElo "1676"]
[BlackElo "1803"]
[PlyCount "97"]
[EventDate "2012.??.??"]
[WhiteTeam "Solrød Skakklub"]
[BlackTeam "Solrød Skakklub"]

1. e4 e5 2. Nf3 Nf6 3. Nxe5 d6 4. Nf3 Nxe4 5. Qe2 Qe7 6. d3 Nf6 7. Bg5 Qxe2+ 8.
Bxe2 Be7 9. O-O O-O 10. Nc3 a6 11. Rad1 Nc6 12. a3 h6 13. Be3 Be6 14. d4 Nd5
15. Nxd5 Bxd5 16. c4 Be4 17. Nd2 Bf5 18. Rfe1 Bf6 19. d5 Nd4 20. Bxd4 Bxd4 21.
b3 Bb2 22. Nb1 Bxb1 23. Rxb1 Bxa3 24. Bd3 Bb4 25. Re7 Ba5 26. b4 Bb6 27. Rbe1
Rad8 28. R1e4 a5 29. bxa5 Bxa5 30. g3 g5 31. h4 Kg7 32. hxg5 hxg5 33. R4e6 Rh8
34. Re4 Kf8 35. Re2 Rh6 36. R7e4 Bb6 37. Rg4 f6 38. Re6 Re8 39. Bf5 Rxe6 40.
Bxe6 Kg7 41. Bc8 Kg6 42. Re4 Kf7 43. Bxb7 f5 44. Re2 f4 45. Kg2 Rf6 46. gxf4
Rxf4 47. Ba6 Rg4+ 48. Kf3 Rf4+ 49. Kg3 1/2-1/2

[Event "Køge Bugt Vinter 2012"]
[Site "Solrød Skole"]
[Date "2012.01.25"]
[Round "2.9"]
[White "Hansen, Erik Levin"]
[Black "Krag-Jacobsen, Alan"]
[Result "1-0"]
[WhiteElo "1743"]
[BlackElo "1670"]
[PlyCount "97"]
[EventDate "2012.??.??"]
[WhiteTeam "Haslev Skakklub"]
[BlackTeam "Solrød Skakklub"]

1. e4 d5 2. exd5 Qxd5 3. Nc3 Qd8 4. d4 Nf6 5. Nf3 Bg4 6. Be3 e6 7. h3 Bh5 8. g4
Bg6 9. Bd3 Bb4 10. Kf1 Nbd7 11. Ne2 c6 12. Bf4 Nd5 13. Bg3 N7f6 14. c4 Ne7 15.
Nc3 Bxc3 16. bxc3 Ne4 17. Bxe4 Bxe4 18. Qe2 Bg6 19. Ne5 Qa5 20. Nxg6 hxg6 21.
Qb2 b5 22. Qb4 Qxb4 23. cxb4 bxc4 24. Rc1 O-O 25. Bd6 Rfe8 26. Rxc4 Rac8 27.
Ke2 Nd5 28. Kf3 f5 29. Rhc1 Nf6 30. b5 Ne4 31. Bf4 g5 32. Be3 Nd6 33. Rxc6 Rxc6
34. bxc6 f4 35. Bd2 Nb5 36. Ke4 Kf7 37. Ke5 Ke7 38. Ba5 Rc8 39. c7 Kd7 40. Rb1
a6 41. a4 Na7 42. d5 exd5 43. Kxd5 Nc6 44. Bb6 Re8 45. Rd1 Ne7+ 46. Kc5+ Ke6
47. Ba5 Kf7 48. Rd8 Nc8 49. Kc6 1-0

[Event "Køge Bugt Vinter 2012"]
[Site "Solrød Skole"]
[Date "2012.01.25"]
[Round "2.10"]
[White "Krog-Jensen, Werner"]
[Black "Hellum, Oliver"]
[Result "1/2-1/2"]
[WhiteElo "1309"]
[BlackElo "1682"]
[PlyCount "51"]
[EventDate "2012.??.??"]
[WhiteTeam "Enkeltmedlem 8. HK"]
[BlackTeam "BMS Skak"]

1. Nf3 Nf6 2. c4 g6 3. d4 Bg7 4. e3 O-O 5. Be2 d6 6. O-O Nfd7 7. Na3 e5 8. dxe5
Nxe5 9. Nxe5 Bxe5 10. Rb1 Qh4 11. f4 Bg7 12. b3 Re8 13. Nc2 Bc3 14. Bb2 Qf6 15.
Bxc3 Qxc3 16. Rf3 Qa5 17. Ra1 Bf5 18. Rg3 Be4 19. Bd3 Qc3 20. Bxe4 Rxe4 21. f5
Nc6 22. fxg6 hxg6 23. Rxg6+ fxg6 24. Qd5+ Kg7 25. Qxe4 Nb4 26. Qd4+ 1/2-1/2

[Event "Køge Bugt Vinter 2012"]
[Site "Solrød Skole"]
[Date "2012.01.25"]
[Round "2.12"]
[White "Thinggaard, Jørgen"]
[Black "Nielsen, Michael"]
[Result "1-0"]
[WhiteElo "1186"]
[BlackElo "1785"]
[PlyCount "25"]
[EventDate "2012.??.??"]
[WhiteTeam "Vejlby-Risskov Skakklub"]
[BlackTeam "Solrød Skakklub"]

1. e4 e5 2. Nf3 Nc6 3. Bb5 Nf6 4. Nc3 d6 5. Bxc6+ bxc6 6. O-O Be7 7. h3 O-O 8.
d4 exd4 9. Nxd4 Bb7 10. Qf3 Rb8 11. Nf5 Re8 12. Qg3 Bf8 13. Nh6+ 1-0

[Event "Køge Bugt Vinter 2012"]
[Site "Solrød Skole"]
[Date "2012.01.25"]
[Round "2.13"]
[White "Hansen, Erik Friberg"]
[Black "Bayhan, Erkan"]
[Result "0-1"]
[WhiteElo "1541"]
[BlackElo "1323"]
[PlyCount "36"]
[EventDate "2012.??.??"]
[WhiteTeam "Hvidovre Skakklub"]
[BlackTeam "Hvidovre Skakklub"]

1. d4 Nf6 2. Nf3 g6 3. e3 Bg7 4. Bd3 O-O 5. b3 b6 6. Bb2 Bb7 7. Nbd2 d6 8. O-O
Nbd7 9. Re1 e5 10. dxe5 dxe5 11. Nxe5 Nc5 12. Ndf3 Re8 13. Rb1 Nce4 14. Nd2
Nxd2 15. Nxf7 Qd5 16. e4 Nfxe4 17. f3 Bd4+ 18. Bxd4 Qxd4+ 0-1